000
00228 a2200097 4500
001
44016
100
_a
Jamulah
245
_a
Western civilization condemned by itself
260
_a
Lahore
_b
M Yusaf Khan
_c
090
_c
27754
_d
27754
942
_a
NUST-CAE
_c
M
_c
19729
999
_c
279089
_d
279089